| 000 | 02482cam a22005174i 4500 | ||
|---|---|---|---|
| 003 | PE-LiUPU | ||
| 005 | 20250731184547.0 | ||
| 008 | 150625s1979 sp r 000 0 spa d | ||
| 035 | _a(Sirsi) a31861 | ||
| 040 |
_aPE-LiUPU _bspa _cPE-LiUPU _dPE-LiUPU _erda |
||
| 049 | _aPRUA | ||
| 082 | 0 | 4 |
_a923.2 _bG23 _221 |
| 100 | 1 |
_aGandhi, Mahatma, _eautor. |
|
| 245 | 1 | 0 |
_aTodos los hombres son hermanos / _cMahatma Gandhi. |
| 264 | 1 |
_aMadrid : _bSígueme, _c1979. |
|
| 300 | _a | ||
| 336 |
_atext _2rdacontent |
||
| 337 |
_aunmediated _2rdamedia |
||
| 338 |
_avolume _2rdacarrier |
||
| 505 | 0 | _aA guisa de autobiografía -- Religión y verdad -- El fin y los medios -- La ahimsa o el camino dde la no-violencia -- El dominio de sí mismo -- La paz internacional -- El hombre y la máquina -- La pobreza en el corazón de la abundancia -- El pueblo y la democracia -- La educación -- La misión de la mujer -- Sobre temas diversos. | |
| 526 | _aP136 | ||
| 526 | _aP135 | ||
| 526 | _aP134 | ||
| 526 | _aP133 | ||
| 526 | _aP144 | ||
| 526 | _aP143 | ||
| 526 | _aP87 | ||
| 526 | _aP35 | ||
| 526 | _aP20 | ||
| 526 | _aP14 | ||
| 526 | _aP10 | ||
| 526 | _aP06 | ||
| 650 | 0 | 4 | _aGandismo. |
| 942 |
_2ddc _cBOOK |
||
| 949 |
_a923.2 G23 _wDEWEY _c1 _i19983 _lCCODEBUL1 _mBUL _p00.00 _r0 _sY _tBOOK _u2015-06-25 _xBIBLIOTECA _zUNKNOWN _0COMPRA _o.STAFF. Colección Ciencias Humanas y Educación |
||
| 949 |
_a923.2 G23 _wDEWEY _c2 _i27664 _lCCODEBUL1 _mBUL _p00.00 _r0 _sY _tBOOK _u2015-06-25 _xBIBLIOTECA _zUNKNOWN _0COMPRA _o.STAFF. Colección General |
||
| 949 |
_a923.2 G23 _wDEWEY _c3 _i36073 _lCCODEBUL1 _mBUL _p00.00 _r0 _sY _tBOOK _u2015-06-25 _xBIBLIOTECA _zUNKNOWN _0COMPRA _o.STAFF. Colección Ciencias Humanas y Educación |
||
| 994 |
_aC0 _bPEPRU |
||
| 596 | _a1 | ||
| 999 |
_a923.2 G23 _wDEWEY _c39456 _i19983 _d39456 _e2016-9-16 _f2021-11-8 _g5 _lCCODEBUL1 _mBUL _n1 _p10.00 _r0 _sY _tBOOK _u2015-6-25 _xBIBLIOTECA _zUNKNOWN _0COMPRA _o.STAFF. Colección Ciencias Humanas y Educación |
||
| 999 |
_a923.2 G23 _wDEWEY _c2 _i27664 _f2019-12-11 _g4 _lDISCARD _mBUL _r1 _sY _tBOOK _u2015-6-25 _xEDUCACION _zUNKNOWN _0COMPRA _o.STAFF. Colección General |
||
| 999 |
_a923.2 G23 _wDEWEY _c3 _i36073 _d2016-9-18 _e2016-9-16 _f2021-11-8 _g5 _lCCODEBUL1 _mBUL _n1 _p10.00 _r0 _sY _tBOOK _u2015-6-25 _xBIBLIOTECA _zUNKNOWN _0COMPRA _o.STAFF. Colección Ciencias Humanas y Educación |
||
| 980 |
_81 _gALBERTO SANCHEZ Responsable de Automatización |
||